00391cam a22001097a 4500008004000000082001800040100002000058245012400078260003500202300001500237650002900252180718b1957 xxu||||| |||| 00| 0 eng d aT2196x54 F237 aFarooquee, Q.H. aSmall- scale and cottage industries as a means of providing better opportunities for labour in Indiacby Q.H. Farooquee aAligarhbFaculty of Artsc1957 axiv, 133p. aSmall- scale -Industries